000 02369nam a2200349 a 4500
001 000003532
003 DO-SdBNP
005 20250410091719.0
008 090710s2007 dr a r 001 0 spa d
020 _a9789945421279
040 _aDO-SdBNP
_bspa
_cBNPHU
082 4 _a374.01
_bL961m
100 1 _aLuna, Josefina
_910934
245 1 0 _aGuía para madres y padres de hoy :
_bni mucho ... ni poco. Buscando el balance /
_cJosefina Luna ; prólogo, Félix López Sánchez.
260 _aSanto Domingo :
_bCONANI,
_c2007.
300 _a155 p. :
_bil. ;
_c24 cm.
490 0 _aCONANI
500 _aIncluye datos biográficos del autor en las solapas
500 _aIncluye referencias bibliográficas y notas al pie de las páginas
504 _aBibliografia : p. 151-155
505 0 _aPrólogo -- Introducción -- Capítulo 1. En los primeros años -- Capítulo 2. Las familias rotas. La experiencia del divorcio -- Capítulo 3. Familias mal tratantes. El maltrato infantil, sus causas -- Capítulo 4. La familia frente a los medios de comunicación -- Capítulo 5. La sociedad y la familia frente a la homosexualidad -- Capítulo 6. Contar nuestras propias historias nos libera -- Capítulo 7. "Te maltrato porque te amo" o el sin sentido de los noviazgos violentos -- Capítulo 8. Niñez, marketing y publicidad -- Capítulo 9. Mami, papi... comprámelo. El consumismo envuelve a los niños -- Capítulo 10. "Mi papá solo me dice que me proteja". Los y las adolescentes hablan -- Capítulo 11. Voy a ser abuela. Las consecuencias del embarazo en la adolescencia -- Capítulo 12. Juegos y los juguetes -- Capítulo 13. Crónica de una pela anunciada. Algunas verdades sobre el castigo físico -- Capítulo 14. Guerra e infancia no combinan -- Capítulo 15. Invertir en la infancia y la adolescencia. La forma más efectiva de evitar la delicuencia -- Capítulo 16. Educación sexual. Asignatura pendiente -- Bibliografía.
590 _aInventariado, 2018/BT
650 4 _aEducación para la vida familiar
_92729
650 4 _aViolencia infantil
_910935
650 0 _aFamilias
_9795
650 0 _aDivorcio
_91267
650 4 _aEducación sexual
_92374
700 1 _aLópez Sánchez, Félix,
_epról.
_910936
710 2 _aConsejo Nacional para la Niñez (República Dominicana )
_942757
910 _aValidado. Control de calidad. MFF
942 _2ddc
_cLBS1
999 _c3358
_d3358